01171nam a22002417a 4500999001500000003000900015008004100024040007100065082001500136100001800151245007500169260007100244300003500315505024400350650002700594650003900621650002300660700002600683942001600709945000800725952009500733952010100828  c7804d7804AR-CdUCM190321b           ||||| |||| 00| 0 spa d  aMUNICIPALIDAD PROVINCIAL DEL CUSCOcBIBLIOTECA MUNICIPAL DEL CUSCO  a591 /bD62  aDethier, V.G.  aEl Reino Animal :bConduscta y sus bases evolucionaria y neurologica /  aMéxico :bUnion Tipografica Editorial Hispano Americana ,c1967.  a199 + 11 páginas ;c17.5 cm.  aContenido : Irritabilidad y conduccion -- Sistema Nervioso simple -- Sistema nervioso radial complejo -- sistema nervioso bilateral -- El sistema nervioso de los vertebrados -- Conducta Estereotipada -- Aprendizaje -- Procesos Complejos...  aConducta Animal922059  aEl sistema linfatico Animal922060  aVeterinaria919735  aStellar, Eliot922061  2ddccLIBROS  artm  002ddc4070aSCbSCcCARTd2019-03-21g20.00o591 / D62pSC0000000743r2019-03-21yLIBROS  002ddc4070aSCbSCcCARTd2019-03-21g20.00o591 / D62 / e.2pSC0000000856r2019-03-21yLIBROS